El Ingenioso Hidalgo D. Quijote de la Mancha (Record no. 2321)

MARC details
000 -CABECERA
campo de control de longitud fija 01870nam a2200301 a 4500
001 - NÚMERO DE CONTROL
campo de control BRCA_2581
005 - FECHA Y HORA DE LA ÚLTIMA TRANSACCIÓN
campo de control 20190320203856.0
008 - DATOS DE LONGITUD FIJA--INFORMACIÓN GENERAL
campo de control de longitud fija 271108s1876----sp-#---###---#000-0dspa-u
041 ## - CÓDIGO DE LENGUA
Código de lengua del texto/banda sonora o título independiente spa
044 ## - CÓDIGO DEL PAÍS DE LA ENTIDAD EDITORA/PRODUCTORA
Código MARC del país sp
084 ## - OTRO NÚMERO DE CLASIFICACIÓN
Número de clasificación 175
Número de documento/Ítem .R64
-- 1876
100 1# - ENTRADA PRINCIPAL--NOMBRE DE PERSONA
Nombre de persona Cervantes Saavedra, Miguel de
Fechas asociadas al nombre 1547-1616
9 (RLIN) 213
245 10 - MENCIÓN DE TÍTULO
Título El Ingenioso Hidalgo D. Quijote de la Mancha
Mención de responsabilidad, etc. compuesto por Miguel de Cervantes Saavedra.
260 ## - PUBLICACIÓN, DISTRIBUCIÓN, ETC.
Lugar de publicación, distribución, etc. Cádiz
Nombre del editor, distribuidor, etc. José Rodríguez y Rodríguez
Fecha de publicación, distribución, etc. 1876
300 ## - DESCRIPCIÓN FÍSICA
Extensión 3 v.
Dimensiones 21 cm.
Material acompañante/anejo 1 mapa
500 ## - NOTA GENERAL
Nota general Contenido : v 1. Vida de Miguel de Cervantes S. por Ramón León Mainez. Primera parte. Principios de la edición príncipe. Advertencia de Mainez. Dedicatoria del autor. Prólogo de autor. Versos preliminares. Comentarios, notas y apéndices. Mapa del campo de Montiel en 1575. -- v 2. Notas y apéndices. Texto. -- v 4. Segunda parte del Ingenioso Caballero D. Quijote de la Mancha. Principios de la edición príncipe. Dedicatoria del autor. Prólogo del autor. Apéndices. Texto. -- v 3. Apéndices. Texto
500 ## - NOTA GENERAL
Nota general Dirigido al Duque de Béjar. Impreso por primera vez en Madrid por Juan de la Cuesta el año de 1605, y ahora de nuevo publicado por vez primera en Cádiz por José Rodríguez y Rodríguez, bajo la dirección de Ramón León Mainez, director de la Crónica de los Cervantistas
500 ## - NOTA GENERAL
Nota general Ejemplar igual al LO-174. Semipiel; lomeras decoradas con adornos dorados Lúdovik Osterc
500 ## - NOTA GENERAL
Nota general QM168
650 14 - PUNTO DE ACCESO ADICIONAL DE MATERIA--TÉRMINO DE MATERIA
Término de materia o nombre geográfico como elemento de entrada Novela española
Subdivisión cronológica Época clásica, 1500-1700
9 (RLIN) 215
650 14 - PUNTO DE ACCESO ADICIONAL DE MATERIA--TÉRMINO DE MATERIA
Término de materia o nombre geográfico como elemento de entrada Literatura española
Subdivisión cronológica Época clásica, 1500-1700
9 (RLIN) 216
650 14 - PUNTO DE ACCESO ADICIONAL DE MATERIA--TÉRMINO DE MATERIA
Término de materia o nombre geográfico como elemento de entrada Novela española
Subdivisión cronológica Siglo XVII
9 (RLIN) 217
650 14 - PUNTO DE ACCESO ADICIONAL DE MATERIA--TÉRMINO DE MATERIA
Término de materia o nombre geográfico como elemento de entrada Don Quijote (Personaje ficticio)
Término indicativo de función/relación Novela
9 (RLIN) 218
700 1# - PUNTO DE ACCESO ADICIONAL--NOMBRE DE PERSONA
Nombre de persona Máinez Fernández, Ramón León
Fechas asociadas al nombre 1847-1917
Término indicativo de función/relación Biógrafo
9 (RLIN) 7374
740 0# - PUNTO DE ACCESO ADICIONAL--TÍTULO RELACIONADO O ANALÍTICO NO CONTROLADO
Título relacionado o analítico no controlado El Ingenioso Hidalgo Don Quijote de la Mancha
902 ## - CATALOGADOR
Iniciales QFM
942 ## - ELEMENTOS DE PUNTO DE ACCESO ADICIONAL (KOHA)
Fuente del sistema de clasificación o colocación Library of Congress Classification
Tipo de ítem Koha Libros
Holdings
Estado de retiro Estado de pérdida Estado dañado No para préstamo Localización permanente Ubicación/localización actual Fecha de adquisición Número de inventario Total de préstamos Signatura topográfica completa Código de barras Fecha visto por última vez Precio válido a partir de Tipo de ítem Koha
El ejemplar forma parte de la colección y puede ser consultado según las políticas vigentes.       Biblioteca del Museo Franz Mayer (Rogerio Casas-Alatriste) Biblioteca del Museo Franz Mayer (Rogerio Casas-Alatriste) 27/11/2008 QM168   175 .R64 1876 (QM168) 2578 22/03/2019 22/03/2019 Libros